Balaji Srinivasan : Công nghệ, sự thật và tương lai

Sách khám phá vai trò của công nghệ trong việc tái cấu trúc xã hội và định hình tương lai số hóa. Cuốn sách chia thành ba phần chính: Phần 1: Công nghệ Phần 2: Sự thật Phần 3: Kiến tạo tương lai

Gorde:
Xehetasun bibliografikoak
Egile nagusia: Jorgenson, Eric
Beste egile batzuk: Long Vũ (Dịch)
Formatua: Liburua
Hizkuntza:Vietnamese
Argitaratua: H. Dân trí 2024
Gaiak:
Etiketak: Etiketa erantsi
Etiketarik gabe, Izan zaitez lehena erregistro honi etiketa jartzen!
Thư viện lưu trữ: Thư viện Trường Đại học Nam Cần Thơ
LEADER 01276nam a22002297a 4500
001 NCT_4_019739
008 250516b xxu||||| |||| 00| 0 vie d
999 |c 8961  |d 8961 
020 |a 9786044049267  |c 239000 
082 0 4 |2 23rd ed.  |a 303.483  |b J82 
100 1 |a Jorgenson, Eric 
245 1 0 |a Balaji Srinivasan  |b : Công nghệ, sự thật và tương lai  |c Eric Jorgenson ; Long Vũ (Dịch) 
260 |a H.  |b Dân trí  |c 2024 
300 |a 311 tr.  |b Minh họa  |c 22cm 
504 |a Có tài liệu tham khảo 
520 3 |a Sách khám phá vai trò của công nghệ trong việc tái cấu trúc xã hội và định hình tương lai số hóa. Cuốn sách chia thành ba phần chính: Phần 1: Công nghệ Phần 2: Sự thật Phần 3: Kiến tạo tương lai  
653 |a Tham khảo 
700 1 |a Long Vũ  |e Dịch 
942 |2 ddc  |c BK 
952 |0 0  |1 0  |2 ddc  |4 0  |6 303_483000000000000_J82  |7 0  |9 30719  |a 000001  |b 000001  |d 2025-05-16  |o 303.483 J82  |p TK.05268  |r 2025-05-16  |v 239000.00  |w 2025-05-16  |y BK 
952 |0 0  |1 0  |2 ddc  |4 0  |6 303_483000000000000_J82  |7 0  |9 30720  |a 000001  |b 000001  |d 2025-05-16  |o 303.483 J82  |p TK.05269  |r 2025-05-16  |v 239000.00  |w 2025-05-16  |y BK 
980 |a Thư viện Trường Đại học Nam Cần Thơ